The National Council licensure examination for registered nurses /

Bibliographic Details
Corporate Author: National Council of State Boards of Nursing (U.S.)
Other Authors: Dvorak, Eileen McQuaid
Format: Book
Language:English
Published: Chicago, Ill. : Chicago Review Press, [1982]
Edition:2nd ed.
Subjects:

MARC

Tag First Indicator Second Indicator Subfields
LEADER 00000pam a2200000 a 4500
001 in00000049030
005 20151007075825.0
008 820318s1982 ilu 00000 eng
010 |a  82004274  
020 |a 0914091131 (pbk.) :  |c $8.95 
035 |a (OCoLC)08346150 
035 |9 AAF3868AM 
039 0 |a 2  |b 3  |c 3  |d 3  |e 3 
040 |a DLC  |c DLC  |d TXA  |d UtOrBLW 
043 |a n-us--- 
049 |a TXAM  |c [1673379] 
050 0 0 |a RT55  |b  N36 1982 
060 0 |a WY 18 N2745 
082 0 |a 610.73/076  |2 19 
245 0 4 |a The National Council licensure examination for registered nurses /  |c prepared by the National Council of State Boards of Nursing ; by Eileen McQuaid Dvorak [and others]. 
250 |a 2nd ed. 
264 1 |a Chicago, Ill. :  |b Chicago Review Press,  |c [1982] 
264 4 |c ©1982 
300 |a 119 pages ;  |c 28 cm. 
336 |a text  |b txt  |2 rdacontent 
337 |a unmediated  |b n  |2 rdamedia 
338 |a volume  |b nc  |2 rdacarrier 
500 |a Spine title: Registered nurse licensure exam. 
500 |a Revised edition of: The State board test pool examination for registered nurse licensure. 1st edition 1981. 
610 2 0 |a National Council of State Boards of Nursing (U.S.)  |x Examinations  |x Study guides. 
650 0 |a Nursing  |v Examinations, questions, etc. 
650 2 |a Licensure, Nursing  |z United States  |x Examination questions. 
700 1 |a Dvorak, Eileen McQuaid. 
710 2 |a National Council of State Boards of Nursing (U.S.) 
730 0 |a State board test pool examination for registered nurse licensure. 
740 0 |a Registered nurse licensure exam. 
999 |a MARS 
999 f f |s 540d5a58-93d8-337e-9d57-cab16c1106b3  |i 394caa08-cdf5-36fe-a2e6-32a984846782  |t 0 
952 f f |p ric  |a Texas A&M University  |b Rellis Campus  |c Joint Library Facility  |d Remote Storage  |t 0  |e RT55 N36 1982  |h Library of Congress classification  |i unmediated -- volume  |m A14805943226 
998 f f |a RT55 N36 1982  |t 0  |l Remote Storage